000
00189 a2200097 4500
020
_a
9789962629566
041
_a
eng
100
_a
Alvarado, Pat
245
_a
The Ship that opened
942
_c
BK
999
_c
9013
_d
9013